000 00354nam a2200145Ia 4500
008 230917s9999||||xx |||||||||||||| ||und||
040 _e12740
_aMAIN
041 _aEnglish
082 _a330.9 J981E
100 _aJussawalla, M F
245 0 _aEconomics of development
260 _aCalcutta
_bOxford and IBH
_c1969
300 _avi, 165 p.
942 _cBK
999 _c79032
_d79032